000 00832nam a2200229 4500
001 137747
003 ES-MaACL
005 20250716063305.0
007 t|
008 070214s1956 sp r ||||1| spa d
100 1 _aFénelon, François de Salignac de La Mothe,
_d1651-1715
_949246
245 1 4 _aLas aventuras de Telémaco /
_cFrançois de Salignac de la Mothe-Fénelon ; traducción y notas de José López y López ; nota preliminar de F. S. R.
250 _a2ª ed.
260 _aMadrid :
_bAguilar,
_c1956.
300 _a615 p., 1 lám. = retr. aut. ;
_c12 cm.
490 1 _aCrisol ;
_v88
700 1 _aLópez y López, José.
_974035
700 1 _aSainz de Robles, Federico Carlos,
_d1898-1982
_9101593
830 0 _aCrisol ;
_v88
_9180848
852 _aES-MaACL
_jD-8529
_bR.39796
999 _c137747
_d137747